Statistics for Premier League 2022/23 Players by Name - I

Click here to take the quiz!

General Stats

  • This quiz has been taken 41 times
  • The average score is 4 of 6

Answer Stats

ClubNationPositionPlayer% Correct
Newcastle UnitedSwedenFWAlexander Isak
96%
Leicester CityNigeriaFWKelechi Iheanacho
96%
EvertonNigeriaMFAlex Iwobi
71%
Manchester UnitedIraqMFZidane Iqbal
61%
Leicester CityDenmarkGKDaniel Iversen
50%
West Ham UnitedEnglandFWDanny Ings
46%

Score Distribution

Percentile by Number Answered

Percent of People with Each Score

Your Score History

You have not taken this quiz